[Event "HEM 2015 B Turnier"]
[Site "Frankfurt-Sossenheim"]
[Date "2015.??.??"]
[Round "5.27"]
[White "Fuchs, Andreas"]
[Black "Boehme, Jonas"]
[Result "1-0"]
[WhiteElo "1663"]
[BlackElo "1095"]
[Annotator "Lotz,Kolja Alecsander"]
[PlyCount "69"]
[EventDate "2015.??.??"]
[WhiteTeam "SC Ober-Ramstadt"]
[BlackTeam "SG Somplar"]

1. d4 f5 2. g4 d5 3. Nc3 g6 4. Bf4 Bg7 5. Qd2 c6 6. e3 fxg4 7. h3 Nf6 8. hxg4
Bxg4 9. f3 Bf5 10. Nge2 Nbd7 11. Ng3 Be6 12. e4 dxe4 13. fxe4 Nb6 14. b3 a6 15.
O-O-O Qd7 16. Bg2 Rd8 17. Bf3 h6 18. Bxh6 Bxh6 19. Rxh6 Kf7 20. e5 Ng4 21. Rxh8
Rxh8 22. Rh1 Rxh1+ 23. Bxh1 Nd5 24. Nce4 Nde3 25. Ng5+ Kg7 26. N3e4 b6 27. Bf3
c5 28. dxc5 Qxd2+ 29. Kxd2 Bf5 30. cxb6 Nxe5 31. b7 Nd7 32. Ng3 Nd5 33. c4 N5f6
34. c5 Nb8 35. c6 {43. Zug Aufgabe Schwarz} 1-0

[Event "HEM 2015 B Turnier"]
[Site "Frankfurt-Sossenheim"]
[Date "2015.??.??"]
[Round "5.28"]
[White "Praetz, Friedrich"]
[Black "Davidov, Georgi"]
[Result "1-0"]
[WhiteElo "1013"]
[BlackElo "1662"]
[PlyCount "127"]
[EventDate "2015.??.??"]
[WhiteTeam "SVG Lauterbach"]
[BlackTeam "SC Rotenburg"]

1. e4 e5 2. Nf3 Nf6 3. Nxe5 d6 4. Nf3 Nxe4 5. d4 d5 6. Bd3 Bd6 7. c4 c6 8. Nc3
Bb4 9. Bd2 Nxd2 10. Qxd2 O-O 11. O-O dxc4 12. Bxc4 Bg4 13. Ne5 Bh5 14. a3 Bd6
15. f4 Nd7 16. Ne4 Nb6 17. Bb3 Bc7 18. Ng3 Bxe5 19. fxe5 Bg6 20. Rf2 Nd5 21.
Raf1 Qb6 22. Bxd5 cxd5 23. Ne2 Rac8 24. Nc3 Rfd8 25. Rf4 Rc4 26. Qf2 Qe6 27.
Qe3 a6 28. R1f2 b5 29. b4 Rdc8 30. Ne2 Rc2 31. h4 h5 32. Kh2 R8c7 33. Qh3 Qc6
34. g4 Qc4 35. gxh5 Bd3 36. e6 Rxe2 37. exf7+ Kf8 38. Rxe2 Bxe2 39. Qe6 Qc6 40.
Qxe2 Rxf7 41. Rxf7+ Kxf7 42. Qf3+ Kg8 43. Kg3 Qe6 44. Qf4 Qe1+ 45. Kg4 Qd1+ 46.
Kg5 Qg1+ 47. Kf5 Qb1+ 48. Kg5 Qg1+ 49. Kf5 Qb1+ 50. Kg4 Qd1+ 51. Kg5 Qe2 52.
Qb8+ Kh7 53. Qf4 Qg2+ 54. Qg4 Qxg4+ 55. Kxg4 Kh6 56. Kf5 Kxh5 57. Ke5 Kxh4 58.
Kxd5 g5 59. Ke5 g4 60. d5 g3 61. d6 g2 62. d7 g1=Q 63. d8=Q+ Kh3 64. Qh8+ 1-0

[Event "HEM 2015 B Turnier"]
[Site "Frankfurt-Sossenheim"]
[Date "2015.??.??"]
[Round "5.29"]
[White "Mauersberger, Uwe"]
[Black "Kirschner, Philipp"]
[Result "1-0"]
[WhiteElo "1486"]
[BlackElo "1640"]
[PlyCount "59"]
[EventDate "2015.??.??"]
[WhiteTeam "SC Eschborn"]
[BlackTeam "Sfr. Kelkheim"]

1. e4 Nf6 2. e5 Nd5 3. d4 Nc6 4. c4 Nb6 5. Nf3 d6 6. exd6 cxd6 7. h3 g6 8. Nc3
Bg7 9. Be3 O-O 10. Be2 a6 11. O-O Qc7 12. Ne4 e5 13. b3 f5 14. c5 dxc5 15. dxc5
Rd8 16. cxb6 Rxd1 17. bxc7 Rxa1 18. Rxa1 fxe4 19. Bc4+ Kh8 20. Nd2 Nb4 21. Nxe4
Nc2 22. Rd1 Nd4 23. Ng5 h6 24. Nf7+ Kh7 25. f4 Nf5 26. Bb6 exf4 27. Rd8 Bf6 28.
Re8 Bd4+ 29. Bxd4 Nxd4 30. Nd6 1-0

[Event "HEM 2015 B Turnier"]
[Site "Frankfurt-Sossenheim"]
[Date "2015.??.??"]
[Round "5.30"]
[White "Wiegand, Helmut"]
[Black "Schreer, Maxima"]
[Result "1-0"]
[WhiteElo "1956"]
[BlackElo "1414"]
[PlyCount "33"]
[EventDate "2015.??.??"]
[WhiteTeam "Sfr. Wieseck"]
[BlackTeam "SF Friedberg"]

1. d4 d5 2. c4 c6 3. e3 Bf5 4. Nc3 e6 5. Nf3 Bb4 6. Qb3 Bxc3+ 7. bxc3 b6 8. Ba3
Ne7 9. cxd5 exd5 10. Nh4 Be6 11. Bd3 Qd7 12. Qc2 h6 13. O-O O-O 14. f4 f6 15.
Bxe7 Qxe7 16. Bh7+ Kf7 17. Qg6# 1-0

[Event "HEM 2015 B Turnier"]
[Site "Frankfurt-Sossenheim"]
[Date "2015.??.??"]
[Round "5.31"]
[White "Sciurti, Carmine"]
[Black "Bennewitz, Ralph"]
[Result "0-1"]
[WhiteElo "1233"]
[BlackElo "1924"]
[PlyCount "58"]
[EventDate "2015.??.??"]
[WhiteTeam "SV Großauheim"]
[BlackTeam "SC Sulzbach"]

1. d4 Nf6 2. Bf4 e6 3. e3 d5 4. Nd2 Be7 5. Bd3 Nbd7 6. Ngf3 O-O 7. Ne5 c5 8. c3
Qb6 9. Rb1 Nxe5 10. dxe5 Nd7 11. h4 f6 12. Nf3 c4 13. Bc2 Qd8 14. a3 Qe8 15. g4
Qf7 16. Rh2 fxe5 17. Nxe5 Nxe5 18. Bxe5 Bf6 19. Qd4 Bd8 20. Bd6 Re8 21. h5 e5
22. Bxe5 Rxe5 23. Qxe5 Bc7 24. Qg5 Bxh2 25. f4 Bd7 26. Qh4 Bxf4 27. exf4 Qxf4
28. Qf2 Qxg4 29. Bd1 Qe4+ 0-1

[Event "HEM 2015 B Turnier"]
[Site "Frankfurt-Sossenheim"]
[Date "2015.??.??"]
[Round "5.32"]
[White "Mueller, Nils"]
[Black "Scholz, Michael"]
[Result "0-1"]
[WhiteElo "1089"]
[BlackElo "1862"]
[PlyCount "106"]
[EventDate "2015.??.??"]
[WhiteTeam "SF Friedberg"]
[BlackTeam "SK Mömbris"]

1. e4 d5 2. exd5 Qxd5 3. d4 Nc6 4. Nf3 Bg4 5. c3 Nf6 6. Be2 Qh5 7. h3 O-O-O 8.
Bf4 Nd5 9. Qd2 f6 10. c4 Nxf4 11. Qxf4 Bxf3 12. Bxf3 Qa5+ 13. Nc3 Nxd4 14. O-O
e5 15. Qe4 Nxf3+ 16. Qxf3 Bd6 17. Qg4+ Rd7 18. Ne4 Rhd8 19. Nxd6+ cxd6 20. Rfd1
Kb8 21. Rd5 Qc7 22. Rc1 b6 23. b4 g6 24. a4 f5 25. Qe2 Qb7 26. a5 Rc8 27. Rcd1
Qc6 28. b5 Qxc4 29. Qxc4 Rxc4 30. axb6 axb6 31. Rxd6 Rxd6 32. Rxd6 Kb7 33. Kf1
Rc5 34. Rd7+ Rc7 35. Rd5 Re7 36. Ke2 Kc7 37. Kd3 Re6 38. g3 e4+ 39. Kd4 Re8 40.
Ke3 Ra8 41. Kf4 Ra3 42. h4 Rf3+ 43. Kg5 Rxf2 44. Kh6 Rg2 45. Kxh7 Rxg3 46. Kg7
e3 47. Kf6 Rg4 48. h5 e2 49. Re5 Re4 50. hxg6 e1=Q 51. Rxe4 Qxe4 52. g7 Qd5 53.
Kg6 f4 0-1

[Event "HEM 2015 B Turnier"]
[Site "Frankfurt-Sossenheim"]
[Date "2015.??.??"]
[Round "5.33"]
[White "Soter, Ehrenfried"]
[Black "Reichel, Rolf"]
[Result "0-1"]
[WhiteElo "945"]
[BlackElo "1816"]
[PlyCount "64"]
[EventDate "2015.??.??"]
[WhiteTeam "SC Königsspringer Alzenau"]
[BlackTeam "SF Frankfurt"]

1. e4 c5 2. Nf3 Nc6 3. Bc4 e6 4. Nc3 d6 5. d3 h6 6. b3 a6 7. a4 Na5 8. O-O Nxc4
9. bxc4 Nf6 10. Rb1 Be7 11. Re1 e5 12. Nd5 Nxd5 13. cxd5 Qa5 14. c4 O-O 15. Bd2
Qc7 16. h3 f5 17. h4 f4 18. Bc3 Bg4 19. Qd2 Bxf3 20. gxf3 Bxh4 21. Kf1 Qd7 22.
Ke2 Rab8 23. a5 Bd8 24. Rh1 Kh7 25. d4 exd4 26. Bxd4 cxd4 27. Qxd4 Bxa5 28.
Rbg1 Rf7 29. e5 dxe5 30. Qxe5 Re8 31. Rxh6+ gxh6 32. Qe4+ Rxe4+ 0-1

[Event "HEM 2015 B Turnier"]
[Site "Frankfurt-Sossenheim"]
[Date "2015.??.??"]
[Round "5.34"]
[White "Liebske, Erwin"]
[Black "Nesse, David"]
[Result "1-0"]
[WhiteElo "1643"]
[BlackElo "1553"]
[PlyCount "39"]
[EventDate "2015.??.??"]
[WhiteTeam "SV Frankfurt Nord"]

1. d4 Nf6 2. c4 c5 3. Nf3 cxd4 4. Nxd4 b6 5. Nd2 Bb7 6. N2f3 e6 7. e3 Nc6 8.
Be2 Bb4+ 9. Bd2 Bxd2+ 10. Qxd2 Ne4 11. Qd1 O-O 12. O-O f5 13. Nxc6 Bxc6 14. Ne5
Qf6 15. Qd4 Rad8 16. f3 Ng5 17. Rad1 Ba4 18. b3 d6 19. Nd3 e5 20. Qd5+ 1-0

[Event "HEM 2015 B Turnier"]
[Site "Frankfurt-Sossenheim"]
[Date "2015.??.??"]
[Round "5.35"]
[White "Mook, Karl-Juergen"]
[Black "Pyshny, Anton"]
[Result "1-0"]
[WhiteElo "1570"]
[BlackElo "1287"]
[PlyCount "119"]
[EventDate "2015.??.??"]
[WhiteTeam "SC Sulzbach"]
[BlackTeam "SC Eschborn"]

1. e4 e5 2. Nf3 Nc6 3. Nc3 Nf6 4. g3 Bc5 5. Bg2 d6 6. O-O Be6 7. d3 h6 8. h3
Qe7 9. Na4 O-O-O 10. Nxc5 dxc5 11. Qe2 Qd7 12. Kh2 Qd6 13. Be3 Nd4 14. Nxd4
cxd4 15. Bd2 Bd7 16. f4 Rdg8 17. fxe5 Qxe5 18. Bf4 Qh5 19. Qxh5 Nxh5 20. Be5 c5
21. Rxf7 Bc6 22. Raf1 Kd8 23. g4 Nf6 24. Bxf6+ gxf6 25. R7xf6 Ke7 26. R1f2 Rf8
27. Rxf8 Rxf8 28. Rxf8 Kxf8 29. Kg3 Ba4 30. b3 Bd7 31. Kf4 Kf7 32. e5 b6 33.
Bd5+ Be6 34. Be4 a5 35. a4 Bd7 36. Bf3 b5 37. axb5 Bxb5 38. Bd1 a4 39. bxa4
Bxa4 40. Ke4 Ke6 41. h4 Bc6+ 42. Kf4 Be8 43. Bf3 Ba4 44. Bd1 Be8 45. h5 Bf7 46.
g5 hxg5+ 47. Kxg5 Kxe5 48. h6 Bg8 49. Bg4 Bh7 50. Bd7 c4 51. Bb5 c3 52. Be8 Ke6
53. Bg6 Bg8 54. h7 Bxh7 55. Bxh7 Ke5 56. Be4 Kd6 57. Kf6 Kc5 58. Ke5 Kb4 59.
Kxd4 Ka3 60. Kxc3 1-0

[Event "HEM 2015 B Turnier"]
[Site "Frankfurt-Sossenheim"]
[Date "2015.??.??"]
[Round "5.36"]
[White "Schwarz, Daniel"]
[Black "Droeser, Wolfgang"]
[Result "1-0"]
[WhiteElo "1429"]
[BlackElo "1461"]
[PlyCount "75"]
[EventDate "2015.??.??"]
[WhiteTeam "SG Idstein"]
[BlackTeam "SF Frankfurt"]

1. e4 d6 2. d4 g6 3. Nc3 Bg7 4. Nf3 c6 5. Be3 Qc7 6. Qd2 h6 7. Be2 e5 8. d5 a6
9. dxc6 bxc6 10. O-O-O Ke7 11. Rhf1 Bb7 12. Ne1 g5 13. g3 Nf6 14. f4 Nbd7 15.
Nf3 exf4 16. gxf4 gxf4 17. Bxf4 Ne8 18. Rg1 Bf8 19. e5 Kd8 20. exd6 Nxd6 21.
Bxd6 Bxd6 22. Qxd6 Qxd6 23. Rxd6 Kc7 24. Rgd1 Rad8 25. Bc4 f6 26. Be6 Nc5 27.
Rxd8 Rxd8 28. Rxd8 Kxd8 29. Bf5 Ke7 30. b4 Nd7 31. Bxd7 Kxd7 32. Ne4 Ke7 33.
Nc5 Bc8 34. Kd2 Bg4 35. Ke3 Bf5 36. c3 Bc8 37. Kf4 Kf7 38. Nd4 1-0

[Event "HEM 2015 B Turnier"]
[Site "Frankfurt-Sossenheim"]
[Date "2015.??.??"]
[Round "5.37"]
[White "Stier, Ingrid"]
[Black "Boerkey, Pierre"]
[Result "0-1"]
[WhiteElo "1086"]
[BlackElo "1375"]
[PlyCount "100"]
[EventDate "2015.??.??"]
[WhiteTeam "SVG Lauterbach"]
[BlackTeam "Wiesbadener SV"]

1. e4 c5 2. Nf3 Nc6 3. c3 d6 4. Bb5 Bd7 5. O-O Nf6 6. d3 g6 7. Bc4 Bg7 8. Ng5
O-O 9. Bf4 Qb6 10. Qb3 Qxb3 11. Bxb3 Nh5 12. Bg3 Ne5 13. Bxe5 Bxe5 14. g3 h6
15. Nf3 Bg7 16. Kg2 Rad8 17. Re1 Bc6 18. Nbd2 Rfe8 19. Re3 d5 20. exd5 Bxd5 21.
Bxd5 Rxd5 22. Rae1 e6 23. d4 cxd4 24. cxd4 Bxd4 25. Nxd4 Rxd4 26. Nb3 Rd5 27.
f4 Rc8 28. Rc3 Rxc3 29. bxc3 Rd3 30. Rc1 Nf6 31. Nc5 Rd2+ 32. Kh3 Rxa2 33. Nxb7
h5 34. c4 Ng4 35. Rh1 Nf2+ 36. Kh4 Nxh1 37. c5 Rxh2+ 38. Kg5 Kg7 39. f5 Rc2 40.
f6+ Kh7 41. g4 hxg4 42. Kxg4 Nf2+ 43. Kh4 Nd3 44. Nd8 Kg8 45. c6 Nb4 46. Nb7
Nxc6 47. Nd6 a5 48. Kg3 a4 49. Nb5 Rb2 50. Nc7 a3 0-1